Statistics for Things That are "Great"

Click here to take the quiz!

General Stats

  • This quiz has been taken 102,971 times
    (50,192 since last reset)
  • The average score is 14 of 20

Answer Stats

ClueAnswer% Correct
Type of shark featured in JawsGreat White Shark
95%
Former name for WWIGreat War
93%
England, Scotland & WalesGreat Britain
90%
He conquered PersiaAlexander the Great
88%
Huron, Michigan, etc...Great Lakes
88%
Noah and his family were the
only survivors of this
Great Flood
85%
Giant coral structure off the
coast of Australia
Great Barrier Reef
84%
It started in 1929Great Depression
83%
The biggest thing in GizaGreat Pyramid
83%
World's tallest breed of dogGreat Dane
82%
Kept the barbarians out of China?Great Wall of China
79%
Chimpanzees, gorillas, humans,
or orangutans
Great Apes
74%
F. Scott Fitzgerald novelThe Great Gatsby
74%
Dickens novelGreat Expectations
60%
The American PrairieGreat Plains
54%
What Doc Brown says in
"Back to the Future"
Great Scott!
51%
Goodness, gracious ...Great Balls of Fire
44%
Mao economic program that
caused mass starvation
Great Leap Forward
38%
Steve McQueen movieThe Great Escape
37%
Disney film about a
rodent sleuth
The Great Mouse
Detective
31%

Score Distribution

Percentile by Number Answered

Percent of People with Each Score

Your Score History

You have not taken this quiz since the last reset